Geography Quiz

Random Geography or City Quiz

Name Any Capital... FAST! Quiz Stats

Quiz Updated Jun 11, 2017

Challenge
Share
Tweet
Score 0/18 Timer 01:30
31 Plays Today
% Correct
Madrid, Paris, Lisbon
94.5%
Dublin, London
89.7%
Copenhagen, Stockholm, Oslo
84.3%
Panama City, San José, Bogotá, Managua, Tegucigalpa
82.7%
Tunis, Valletta, Rome, Algiers, Tripoli
79.5%
Havana, Nassau, Washington D.C.
78.2%
Moscow, Vilnius, Warsaw, Minsk, Helsinki, Riga, Tallinn
70.1%
Djibouti, Addis Ababa, Nairobi, Mogadishu
67.4%
Vientiane, Phnom Penh, Hanoi, Bangkok, Beijing
66.1%
% Correct
Pyongyang, Seoul, Tokyo
64.6%
Pretoria, Mbabane, Maseru, Maputo, Harare, Gaborone
58.5%
Caracas, Brasília, Georgetown, Paramaribo, Port of Spain
53.6%
Jakarta, Singapore, Kuala Lumpur
53.5%
Dakar, Banjul, Bamako, Bissau, Conakry, Freetown, Nouakchott
50.9%
Muscat, Riyadh, Sana'a, Abu Dhabi
46.3%
Dhaka, New Delhi, Kathmandu, Thimphu, Naypyidaw
42.9%
Malabo, Libreville, Brazzaville, Kinshasa, Luanda
30.1%
Ashgabat, Tashkent, Astana, Tehran, Baku
25.3%

You're not logged in!

Compare scores with friends on all Sporcle quizzes.
Sign Up with Email
OR
Log In

You Might Also Like...

Show Comments

Extras

Top Quizzes Today


Score Distribution

Your Account Isn't Verified!

In order to create a playlist on Sporcle, you need to verify the email address you used during registration. Go to your Sporcle Settings to finish the process.